[Event "Gibtelecom Masters 1st"]
[Site "Gibraltar"]
[Date "2003.02.03"]
[Round "7"]
[White "Young, Melvyn"]
[Black "Gullaksen, Eirik"]
[Result "0-1"]
[WhiteElo "1717"]
[BlackElo "2354"]
[PlyCount "56"]
[EventDate "2003.01.28"]
[EventType "swiss"]
[EventRounds "10"]
[EventCountry "GGB"]
[SourceTitle "BritBase"]
[Source "www.saund.co.uk"]
[SourceDate "2018.02.10"]
[SourceVersion "1"]
[SourceVersionDate "2018.02.10"]
[SourceQuality "1"]

1. e4 c5 2. c3 d6 3. d4 Nf6 4. Bd3 g6 5. Ne2 Bg7 6. f3 O-O 7. Be3 b6 8. Nd2 Nc6
9. Rc1 e5 10. d5 Ne7 11. g4 Ne8 12. Ng3 f5 13. gxf5 gxf5 14. Bg5 Bf6 15. h4 Ng7
16. f4 exf4 17. Nh5 Nxh5 18. Qxh5 Ng6 19. exf5 Ne5 20. Bb1 Qe7 21. Ne4 Bxg5 22.
hxg5 Bxf5 23. Nf6+ Rxf6 24. gxf6 Nd3+ 25. Kf1 Qe3 26. Qg5+ Bg6 27. Bxd3 Qxc1+
28. Kg2 f3+ 0-1

[Event "Gibtelecom Masters 1st"]
[Site "Gibraltar"]
[Date "2003.02.04"]
[Round "8"]
[White "Agdestein, Simen"]
[Black "Palac, Mladen"]
[Result "0-1"]
[WhiteElo "2578"]
[BlackElo "2591"]
[PlyCount "66"]
[EventDate "2003.01.28"]
[EventType "swiss"]
[EventRounds "10"]
[EventCountry "GGB"]
[SourceTitle "BritBase"]
[Source "www.saund.co.uk"]
[SourceDate "2018.02.10"]
[SourceVersion "1"]
[SourceVersionDate "2018.02.10"]
[SourceQuality "1"]

1. d4 Nf6 2. c4 e6 3. Nc3 Bb4 4. a3 Bxc3+ 5. bxc3 b6 6. f3 Ba6 7. e4 Nc6 8. Bd3
Na5 9. Qe2 d6 10. f4 Nd7 11. Ra2 e5 12. Nf3 O-O 13. O-O Re8 14. f5 f6 15. g4
Qe7 16. Be3 exd4 17. cxd4 d5 18. Nd2 dxe4 19. Nxe4 Kh8 20. Rf4 c5 21. g5 fxg5
22. Rg4 h6 23. h4 Nf6 24. hxg5 Nxg4 25. Qxg4 Nxc4 26. gxh6 Nxe3 27. Qg6 gxh6
28. Rh2 Ng4 29. Qxg4 Qg7 30. Ng5 Bxd3 31. Rxh6+ Qxh6 32. Nf7+ Kh7 33. Nxh6 Rg8
0-1

[Event "Gibtelecom Masters 1st"]
[Site "Gibraltar"]
[Date "2003.02.04"]
[Round "8"]
[White "Bellin, Robert"]
[Black "Ledger, David"]
[Result "1-0"]
[WhiteElo "2360"]
[BlackElo "2267"]
[PlyCount "97"]
[EventDate "2003.01.28"]
[EventType "swiss"]
[EventRounds "10"]
[EventCountry "GGB"]
[SourceTitle "BritBase"]
[Source "www.saund.co.uk"]
[SourceDate "2018.02.10"]
[SourceVersion "1"]
[SourceVersionDate "2018.02.10"]
[SourceQuality "1"]

1. Nf3 f5 2. g3 Nf6 3. Bg2 e6 4. O-O Be7 5. b3 O-O 6. Bb2 d6 7. d4 Qe8 8. c4
Nbd7 9. Qc2 Ne4 10. Ne1 Ndf6 11. f3 Ng5 12. Nd3 Nf7 13. Kh1 g5 14. Nd2 Nh6 15.
Rae1 Qh5 16. e3 Bd7 17. Kg1 Rf7 18. Qd1 Qg6 19. Qe2 Raf8 20. e4 Ne8 21. f4 g4
22. e5 Bc8 23. exd6 cxd6 24. d5 Bf6 25. Bxf6 Qxf6 26. dxe6 Re7 27. Nb4 Qd4+ 28.
Qf2 Qxf2+ 29. Kxf2 Kg7 30. Re3 a5 31. Nd5 Rxe6 32. Nb6 Nc7 33. Nxc8 Rxc8 34.
Bxb7 Rb8 35. Bc6 Rxe3 36. Kxe3 Na6 37. a3 Ng8 38. Re1 Nc5 39. Bb5 Nf6 40. Kd4
Nce4 41. Nf1 Kg6 42. Rb1 h5 43. Bc6 h4 44. Bxe4 Nxe4 45. gxh4 Kf6 46. b4 axb4
47. axb4 Ke6 48. Rb2 Rh8 49. Ng3 1-0

[Event "Gibtelecom Masters 1st"]
[Site "Gibraltar"]
[Date "2003.02.04"]
[Round "8"]
[White "Bellon Lopez, Juan Manuel"]
[Black "Baum, Bernd"]
[Result "0-1"]
[WhiteElo "2428"]
[BlackElo "2252"]
[PlyCount "50"]
[EventDate "2003.01.28"]
[EventType "swiss"]
[EventRounds "10"]
[EventCountry "GGB"]
[SourceTitle "BritBase"]
[Source "www.saund.co.uk"]
[SourceDate "2018.02.10"]
[SourceVersion "1"]
[SourceVersionDate "2018.02.10"]
[SourceQuality "1"]

1. d4 g6 2. g3 d5 3. Bg2 Bg7 4. Bg5 c6 5. Nf3 Qb6 6. b3 Nf6 7. O-O O-O 8. Nc3
Ne4 9. Nxe4 dxe4 10. Ne5 Rd8 11. Bxe7 Rxd4 12. Qxd4 Qxd4 13. Rad1 Bxe5 14. Rxd4
Bxd4 15. Rd1 Bb6 16. c4 Bf5 17. c5 Bc7 18. Rd4 Na6 19. f3 exf3 20. Bxf3 Re8 21.
Bd6 Rd8 22. Kg2 Be6 23. e4 Bxd6 24. cxd6 f6 25. Be2 c5 0-1

[Event "Gibtelecom Masters 1st"]
[Site "Gibraltar"]
[Date "2003.02.04"]
[Round "8"]
[White "Cramling, Pia"]
[Black "Shaw, John Kerr"]
[Result "0-1"]
[WhiteElo "2492"]
[BlackElo "2470"]
[PlyCount "68"]
[EventDate "2003.01.28"]
[EventType "swiss"]
[EventRounds "10"]
[EventCountry "GGB"]
[SourceTitle "BritBase"]
[Source "www.saund.co.uk"]
[SourceDate "2018.02.10"]
[SourceVersion "1"]
[SourceVersionDate "2018.02.10"]
[SourceQuality "1"]

1. d4 d5 2. c4 c6 3. Nf3 Nf6 4. Nc3 dxc4 5. a4 Bf5 6. Nh4 e6 7. Nxf5 exf5 8. e3
Bb4 9. Bxc4 O-O 10. Qc2 g6 11. O-O Nbd7 12. f3 Qb6 13. Kh1 c5 14. Ba2 Rac8 15.
dxc5 Qa6 16. Nb5 Nxc5 17. Qe2 Kg7 18. e4 fxe4 19. fxe4 Ncxe4 20. Bf4 Rfe8 21.
Qf3 Re7 22. Qh3 Rce8 23. Be3 Ng3+ 24. hxg3 Rxe3 25. Nc7 Qb6 26. Nxe8+ Rxe8 27.
Rf3 Re5 28. g4 h5 29. g5 Rxg5 30. Raf1 Be7 31. Rb3 Qa6 32. Qd3 Qxa4 33. Rxb7
Qh4+ 34. Qh3 Qe4 0-1

[Event "Gibtelecom Masters 1st"]
[Site "Gibraltar"]
[Date "2003.02.04"]
[Round "8"]
[White "Epishin, Vladimir"]
[Black "Pavlovic, Milos"]
[Result "1-0"]
[WhiteElo "2626"]
[BlackElo "2560"]
[PlyCount "61"]
[EventDate "2003.01.28"]
[EventType "swiss"]
[EventRounds "10"]
[EventCountry "GGB"]
[SourceTitle "BritBase"]
[Source "www.saund.co.uk"]
[SourceDate "2018.02.10"]
[SourceVersion "1"]
[SourceVersionDate "2018.02.10"]
[SourceQuality "1"]

1. d4 Nf6 2. c4 e6 3. Nf3 b6 4. g3 Ba6 5. b3 Bb7 6. Bg2 Bb4+ 7. Bd2 a5 8. O-O
O-O 9. Qc2 h6 10. Rd1 Re8 11. Nc3 Bxc3 12. Bxc3 Be4 13. Qc1 d5 14. Bf1 Bxf3 15.
exf3 a4 16. c5 c6 17. cxb6 Qxb6 18. b4 Nbd7 19. a3 Nh7 20. Ra2 Ng5 21. Rd3 Rac8
22. h4 Nh7 23. Rc2 Qb7 24. Bd2 e5 25. Be3 Nhf8 26. f4 exd4 27. Bxd4 Ne6 28. Bb2
c5 29. Bg2 cxb4 30. Bxd5 Qa6 31. Bxe6 1-0

[Event "Gibtelecom Masters 1st"]
[Site "Gibraltar"]
[Date "2003.02.04"]
[Round "8"]
[White "Guerrero, Carlos"]
[Black "Schmitz, Manuela"]
[Result "1-0"]
[WhiteElo "2073"]
[BlackElo "2111"]
[PlyCount "121"]
[EventDate "2003.01.28"]
[EventType "swiss"]
[EventRounds "10"]
[EventCountry "GGB"]
[SourceTitle "BritBase"]
[Source "www.saund.co.uk"]
[SourceDate "2018.02.10"]
[SourceVersion "1"]
[SourceVersionDate "2018.02.10"]
[SourceQuality "1"]

1. e4 e6 2. g3 d5 3. Bg2 dxe4 4. Bxe4 Nf6 5. Bg2 e5 6. Nf3 Bd6 7. O-O O-O 8. d4
exd4 9. Nxd4 c6 10. h3 Na6 11. c4 Nc5 12. Nc3 Be5 13. Be3 Ne6 14. Nf3 Bxc3 15.
bxc3 Qa5 16. Qc2 Nc5 17. Nd4 Na4 18. Rab1 Nb6 19. Qe2 Qe5 20. Rfc1 Re8 21. Qd3
Qh5 22. Qf1 Ne4 23. g4 Qg6 24. f3 Ng3 25. Qf2 Nxc4 26. Bf4 c5 27. Re1 Bd7 28.
Nc2 Nf5 29. gxf5 Bxf5 30. Rxe8+ Rxe8 31. Re1 Re6 32. Rxe6 fxe6 33. Ne3 Nxe3 34.
Bxe3 Bxh3 35. Bxc5 b6 36. Bd4 Qg5 37. Be3 Qg6 38. Kh2 Bf5 39. Qh4 h6 40. Qg3
Qh5+ 41. Kg1 Kh7 42. Bd4 Qf7 43. Qe5 Qg6 44. Kf2 Qg5 45. Be3 Qh4+ 46. Qg3 Qc4
47. Bd4 Qxa2+ 48. Kg1 e5 49. Qxe5 Qf7 50. f4 Qg6 51. Kf2 Bb1 52. Bf3 Qc2+ 53.
Be2 Qg6 54. Bh5 Qc2+ 55. Kg3 Qd3+ 56. Kh4 g5+ 57. fxg5 hxg5+ 58. Kxg5 Qd2+ 59.
Kf6 Qh6+ 60. Ke7 Kg8 61. Bf7+ 1-0

[Event "Gibtelecom Masters 1st"]
[Site "Gibraltar"]
[Date "2003.02.04"]
[Round "8"]
[White "Gyimesi, Zoltan"]
[Black "Luther, Thomas"]
[Result "1/2-1/2"]
[WhiteElo "2585"]
[BlackElo "2575"]
[PlyCount "80"]
[EventDate "2003.01.28"]
[EventType "swiss"]
[EventRounds "10"]
[EventCountry "GGB"]
[SourceTitle "BritBase"]
[Source "www.saund.co.uk"]
[SourceDate "2018.02.10"]
[SourceVersion "1"]
[SourceVersionDate "2018.02.10"]
[SourceQuality "1"]

1. d4 d5 2. c4 c6 3. Nf3 Nf6 4. Nc3 a6 5. c5 Nbd7 6. Bf4 Nh5 7. e3 g6 8. Bd3
Bg7 9. O-O O-O 10. Bg5 Qe8 11. e4 dxe4 12. Nxe4 Ndf6 13. Qb3 Rb8 14. Nc3 Be6
15. Bc4 Bxc4 16. Qxc4 Qd7 17. Rad1 Nd5 18. Nxd5 cxd5 19. Qc2 e6 20. Rd3 Rfc8
21. Rc1 Qe8 22. b4 b6 23. c6 Bf8 24. g4 h6 25. gxh5 hxg5 26. Ne5 gxh5 27. Nd7
Qe7 28. Nxb8 Rxb8 29. c7 Rc8 30. Qc6 g4 31. Qxb6 Bh6 32. Qb7 Qd7 33. Rc6 Bf4
34. Rdc3 Kg7 35. a4 e5 36. dxe5 Bxe5 37. R3c5 Qf5 38. Qxa6 Bxh2+ 39. Kf1 g3 40.
Rc2 g2+ 1/2-1/2

[Event "Gibtelecom Masters 1st"]
[Site "Gibraltar"]
[Date "2003.02.04"]
[Round "8"]
[White "Hamdouchi, Hichem"]
[Black "Ledger, Andrew"]
[Result "1/2-1/2"]
[WhiteElo "2615"]
[BlackElo "2397"]
[PlyCount "78"]
[EventDate "2003.01.28"]
[EventType "swiss"]
[EventRounds "10"]
[EventCountry "GGB"]
[SourceTitle "BritBase"]
[Source "www.saund.co.uk"]
[SourceDate "2018.02.10"]
[SourceVersion "1"]
[SourceVersionDate "2018.02.10"]
[SourceQuality "1"]

1. e4 e6 2. d4 d5 3. Nc3 dxe4 4. Nxe4 Nd7 5. Nf3 Ngf6 6. Bg5 h6 7. Nxf6+ Nxf6
8. Bxf6 Qxf6 9. g3 Bd6 10. Bg2 O-O 11. Qe2 c5 12. c3 cxd4 13. Nxd4 a6 14. O-O
e5 15. Nb3 Rb8 16. Rfd1 Rd8 17. Rd2 Bc7 18. Rxd8+ Qxd8 19. Rd1 Qe7 20. Qe3 b6
21. Rd2 Qg5 22. Qe4 Qf5 23. Qe2 b5 24. Nd4 Qf6 25. Nc6 Rb6 26. Nb4 Be6 27. h4
Qe7 28. Qe3 Rd6 29. Nc6 Qf6 30. Rxd6 Bxd6 31. a3 g5 32. h5 Bg4 33. Qb6 Kg7 34.
b4 e4 35. Bxe4 Qxc3 36. Kg2 Qc4 37. Qd4+ Qxd4 38. Nxd4 Be5 39. Nf5+ Bxf5
1/2-1/2

[Event "Gibtelecom Masters 1st"]
[Site "Gibraltar"]
[Date "2003.02.04"]
[Round "8"]
[White "Ledger, Stephen"]
[Black "Giddins, Stephen"]
[Result "1/2-1/2"]
[WhiteElo "2172"]
[BlackElo "2242"]
[PlyCount "36"]
[EventDate "2003.01.28"]
[EventType "swiss"]
[EventRounds "10"]
[EventCountry "GGB"]
[SourceTitle "BritBase"]
[Source "www.saund.co.uk"]
[SourceDate "2018.02.10"]
[SourceVersion "1"]
[SourceVersionDate "2018.02.10"]
[SourceQuality "1"]

1. d4 Nf6 2. Nf3 e6 3. Bf4 c5 4. c3 Nc6 5. e3 d5 6. Nbd2 Bd6 7. Bg3 O-O 8. Bd3
Qe7 9. Ne5 Nd7 10. f4 f6 11. Nxc6 bxc6 12. O-O e5 13. fxe5 fxe5 14. Rxf8+ Nxf8
15. dxe5 Bxe5 16. Bxe5 Qxe5 17. e4 Be6 18. Nf3 Qf4 1/2-1/2

[Event "Gibtelecom Masters 1st"]
[Site "Gibraltar"]
[Date "2003.02.04"]
[Round "8"]
[White "Malinarski, Yehuda"]
[Black "Young, Melvyn"]
[Result "1/2-1/2"]
[WhiteElo "2199"]
[BlackElo "1717"]
[PlyCount "50"]
[EventDate "2003.01.28"]
[EventType "swiss"]
[EventRounds "10"]
[EventCountry "GGB"]
[SourceTitle "BritBase"]
[Source "www.saund.co.uk"]
[SourceDate "2018.02.10"]
[SourceVersion "1"]
[SourceVersionDate "2018.02.10"]
[SourceQuality "1"]

1. e4 Nf6 2. e5 Nd5 3. d4 d6 4. Nf3 dxe5 5. Nxe5 g6 6. Bc4 c6 7. h4 Nd7 8. Nc3
Nxe5 9. dxe5 Be6 10. Nxd5 Bxd5 11. Bxd5 Qxd5 12. Qxd5 cxd5 13. Be3 e6 14. O-O-O
h5 15. Rd3 Be7 16. Rh3 O-O 17. Rc3 Rfc8 18. Rxc8+ Rxc8 19. Bxa7 Ra8 20. Bd4 Ra4
21. c3 Rxa2 22. Kb1 Ra8 23. Rh1 Kf8 24. Kc2 Ke8 25. g3 Kd7 1/2-1/2

[Event "Gibtelecom Masters 1st"]
[Site "Gibraltar"]
[Date "2003.02.04"]
[Round "8"]
[White "Radovanovic, Jovica"]
[Black "Medvegy, Nora"]
[Result "0-1"]
[WhiteElo "2280"]
[BlackElo "2376"]
[PlyCount "46"]
[EventDate "2003.01.28"]
[EventType "swiss"]
[EventRounds "10"]
[EventCountry "GGB"]
[SourceTitle "BritBase"]
[Source "www.saund.co.uk"]
[SourceDate "2018.02.10"]
[SourceVersion "1"]
[SourceVersionDate "2018.02.10"]
[SourceQuality "1"]

1. e4 c5 2. Nf3 e6 3. d4 cxd4 4. Nxd4 Nf6 5. Nc3 Nc6 6. g3 Bb4 7. Bg2 d5 8.
exd5 Nxd5 9. Nxc6 bxc6 10. O-O Bxc3 11. bxc3 Ba6 12. c4 Bxc4 13. Qd4 Bxf1 14.
Qxg7 Kd7 15. Bg5 Qg8 16. Qd4 Qxg5 17. Rxf1 Qf6 18. Qa4 Rhc8 19. c4 Ne7 20. Rb1
Ke8 21. h4 Kf8 22. Rb7 Rab8 23. Rd7 Rd8 0-1

[Event "Gibtelecom Masters 1st"]
[Site "Gibraltar"]
[Date "2003.02.04"]
[Round "8"]
[White "Tissir, Mohamed"]
[Black "Campora, Daniel"]
[Result "0-1"]
[WhiteElo "2366"]
[BlackElo "2505"]
[PlyCount "82"]
[EventDate "2003.01.28"]
[EventType "swiss"]
[EventRounds "10"]
[EventCountry "GGB"]
[SourceTitle "BritBase"]
[Source "www.saund.co.uk"]
[SourceDate "2018.02.10"]
[SourceVersion "1"]
[SourceVersionDate "2018.02.10"]
[SourceQuality "1"]

1. e4 e5 2. Nf3 Nc6 3. Bc4 Nf6 4. d3 Be7 5. O-O O-O 6. Re1 d6 7. c3 Na5 8. Bb5
a6 9. Ba4 b5 10. Bc2 c5 11. Nbd2 Re8 12. Nf1 Bf8 13. h3 g6 14. Ng3 Bg7 15. d4
exd4 16. cxd4 cxd4 17. Nxd4 Bb7 18. Bf4 Nd7 19. Rc1 Qb6 20. Ndf5 gxf5 21. Nxf5
Ne5 22. Qh5 Re6 23. Rcd1 Rae8 24. b3 Qc7 25. Bb1 Nac6 26. Re3 Rg6 27. Rg3 Ree6
28. Bg5 Nd7 29. Nxg7 Rxg7 30. e5 h6 31. exd6 Rxd6 32. Re1 hxg5 33. h4 Nce5 34.
hxg5 Ng6 35. Rh3 Ndf8 36. Bxg6 fxg6 37. Qh8+ Kf7 38. Rh4 Rc6 39. Rhe4 Rc1 40.
Re8 Rxe1+ 41. Rxe1 Rh7 0-1

[Event "Gibtelecom Masters 1st"]
[Site "Gibraltar"]
[Date "2003.02.04"]
[Round "8"]
[White "Wohl, Aleksandar H"]
[Black "Sending, Staale"]
[Result "1-0"]
[WhiteElo "2415"]
[BlackElo "2119"]
[PlyCount "95"]
[EventDate "2003.01.28"]
[EventType "swiss"]
[EventRounds "10"]
[EventCountry "GGB"]
[SourceTitle "BritBase"]
[Source "www.saund.co.uk"]
[SourceDate "2018.02.10"]
[SourceVersion "1"]
[SourceVersionDate "2018.02.10"]
[SourceQuality "1"]

1. e4 c5 2. b3 Nc6 3. Bb2 d6 4. f4 e5 5. Nf3 g6 6. Bb5 Bd7 7. fxe5 Bg7 8. O-O
Nxe5 9. Bc4 Nh6 10. Nxe5 Bxe5 11. Bxe5 dxe5 12. Qf3 O-O 13. Nc3 Bc6 14. Rf2 Kg7
15. Bd5 Ng8 16. Raf1 Rc8 17. Qg3 f6 18. h4 Ne7 19. Be6 Bd7 20. Rxf6 Rxf6 21.
Qxe5 Nc6 22. Qxf6+ Qxf6 23. Rxf6 Kxf6 24. Bxd7 Rd8 25. Bxc6 bxc6 26. d3 Ke5 27.
Kf2 Rf8+ 28. Ke2 Kf4 29. Na4 c4 30. bxc4 Kg3 31. d4 Rf2+ 32. Kd3 Kxh4 33. d5
cxd5 34. exd5 Kg5 35. Nc5 Rxg2 36. Ne4+ Kf5 37. c5 Rg1 38. Nd6+ Ke5 39. Nc4+
Kf6 40. c6 Ke7 41. d6+ Kd8 42. Ne5 Rf1 43. c7+ Kc8 44. Nc6 Kd7 45. Nxa7 Rf8 46.
c8=Q+ Rxc8 47. Nxc8 Kxc8 48. c4 1-0

[Event "Gibtelecom Masters 1st"]
[Site "Gibraltar"]
[Date "2003.02.04"]
[Round "8"]
[White "Zak, Uriel"]
[Black "McNab, Colin"]
[Result "1-0"]
[WhiteElo "2341"]
[BlackElo "2423"]
[PlyCount "87"]
[EventDate "2003.01.28"]
[EventType "swiss"]
[EventRounds "10"]
[EventCountry "GGB"]
[SourceTitle "BritBase"]
[Source "www.saund.co.uk"]
[SourceDate "2018.02.10"]
[SourceVersion "1"]
[SourceVersionDate "2018.02.10"]
[SourceQuality "1"]

1. c4 e5 2. Nc3 d6 3. Nf3 g6 4. d4 Nd7 5. Bg5 f6 6. Bc1 Bg7 7. Qa4 Ne7 8. c5
dxc5 9. dxe5 O-O 10. exf6 Nxf6 11. e4 Kh8 12. Bg5 c6 13. Be2 Qc7 14. O-O Nh5
15. g3 Bg4 16. Kg2 Qd7 17. Ng1 Bxe2 18. Ngxe2 Qe6 19. Qb3 c4 20. Qxb7 Ng8 21.
Rad1 Qg4 22. Be3 Qf3+ 23. Kg1 c5 24. Bxc5 Rfd8 25. Bd4 Bxd4 26. Rxd4 Rdb8 27.
Qd5 Ngf6 28. Qc6 Rc8 29. Qe6 Rab8 30. e5 Re8 31. Qd6 Ng4 32. Re4 Rxb2 33. Qd7
Rxe5 34. Rxe5 Nxe5 35. Qe8+ Kg7 36. Qxe5+ Kf8 37. Rd1 Rb7 38. Rd8+ Kf7 39. Qe8+
Kg7 40. Rd7+ Kh6 41. Rxb7 Qxb7 42. Qe3+ Kg7 43. Qd4+ Nf6 44. Nf4 1-0

[Event "Gibtelecom Masters 1st"]
[Site "Gibraltar"]
[Date "2003.02.05"]
[Round "9"]
[White "Barsov, Alexei"]
[Black "Guerrero, Carlos"]
[Result "1-0"]
[WhiteElo "2525"]
[BlackElo "2073"]
[PlyCount "45"]
[EventDate "2003.01.28"]
[EventType "swiss"]
[EventRounds "10"]
[EventCountry "GGB"]
[SourceTitle "BritBase"]
[Source "www.saund.co.uk"]
[SourceDate "2018.02.10"]
[SourceVersion "1"]
[SourceVersionDate "2018.02.10"]
[SourceQuality "1"]

1. d4 d5 2. c4 c6 3. Nf3 Nf6 4. e3 e6 5. Bd3 Nbd7 6. O-O Bd6 7. Nbd2 O-O 8. e4
dxe4 9. Nxe4 Nxe4 10. Bxe4 Qe7 11. c5 Bc7 12. Bg5 f6 13. Bh4 e5 14. Qc2 Kh8 15.
Rae1 g6 16. Bd3 Qg7 17. Bg3 Bb8 18. Re2 exd4 19. Rfe1 Ne5 20. Nxe5 fxe5 21.
Rxe5 Qf6 22. Qc4 Rd8 23. Re8+ 1-0

[Event "Gibtelecom Masters 1st"]
[Site "Gibraltar"]
[Date "2003.02.05"]
[Round "9"]
[White "Baum, Bernd"]
[Black "Gyimesi, Zoltan"]
[Result "1/2-1/2"]
[WhiteElo "2252"]
[BlackElo "2585"]
[PlyCount "51"]
[EventDate "2003.01.28"]
[EventType "swiss"]
[EventRounds "10"]
[EventCountry "GGB"]
[SourceTitle "BritBase"]
[Source "www.saund.co.uk"]
[SourceDate "2018.02.10"]
[SourceVersion "1"]
[SourceVersionDate "2018.02.10"]
[SourceQuality "1"]

1. Nf3 d5 2. d4 Nf6 3. Bf4 c6 4. Nbd2 Qb6 5. Rb1 Bf5 6. e3 Nbd7 7. Be2 h6 8.
O-O e6 9. Ne5 Be7 10. Bd3 Bxd3 11. Nxd3 O-O 12. Qe2 c5 13. dxc5 Nxc5 14. Nxc5
Qxc5 15. c4 dxc4 16. Qxc4 Rfd8 17. Qxc5 Bxc5 18. Nb3 Bb6 19. Be5 Rd5 20. Bxf6
gxf6 21. Rfd1 Rad8 22. Rxd5 Rxd5 23. Kf1 Kf8 24. Ke2 Ke7 25. Rc1 Rg5 26. Kf3
1/2-1/2

[Event "Gibtelecom Masters 1st"]
[Site "Gibraltar"]
[Date "2003.02.05"]
[Round "9"]
[White "Bick, John"]
[Black "Bellin, Robert"]
[Result "0-1"]
[WhiteElo "2296"]
[BlackElo "2360"]
[PlyCount "112"]
[EventDate "2003.01.28"]
[EventType "swiss"]
[EventRounds "10"]
[EventCountry "GGB"]
[SourceTitle "BritBase"]
[Source "www.saund.co.uk"]
[SourceDate "2018.02.10"]
[SourceVersion "1"]
[SourceVersionDate "2018.02.10"]
[SourceQuality "1"]

1. e4 c5 2. d3 g6 3. Nd2 Bg7 4. g3 Nc6 5. Bg2 d6 6. Ngf3 e5 7. O-O Nge7 8. a4
O-O 9. Nc4 h6 10. Nfd2 Be6 11. Re1 Qd7 12. Ne3 f5 13. Nd5 Bxd5 14. exd5 Nb4 15.
Nf1 Nbxd5 16. c3 Kh7 17. Qb3 Nc7 18. Qxb7 Rab8 19. Qf3 d5 20. Qe2 Nc6 21. Qc2
Rf7 22. f3 Ne6 23. Be3 Qd6 24. Bf2 h5 25. Nd2 Bh6 26. Re2 f4 27. Rae1 Rfb7 28.
b3 Ng7 29. Bh3 Rf7 30. g4 hxg4 31. Bxg4 Nf5 32. Bxf5 gxf5 33. Kh1 Rg8 34. Rg1
Bf8 35. Rxg8 Kxg8 36. Bg1 Rg7 37. Rg2 Rxg2 38. Kxg2 Qg6+ 39. Kh1 Qh5 40. Qb1 e4
41. dxe4 dxe4 42. fxe4 Qe2 43. Qf1 Qxd2 44. Qc4+ Kg7 45. exf5 Ne5 46. Qe4 Bd6
47. Bxc5 f3 48. f6+ Kxf6 49. Qh4+ Ke6 50. Bf2 Qxc3 51. Bxa7 Qc1+ 52. Bg1 Bc5
53. Qg3 f2 54. Qg8+ Ke7 55. Qh7+ Kd6 56. Qh6+ Qxh6 0-1

[Event "Gibtelecom Masters 1st"]
[Site "Gibraltar"]
[Date "2003.02.05"]
[Round "9"]
[White "Cramling, Pia"]
[Black "Gullaksen, Eirik"]
[Result "1/2-1/2"]
[WhiteElo "2492"]
[BlackElo "2354"]
[PlyCount "106"]
[EventDate "2003.01.28"]
[EventType "swiss"]
[EventRounds "10"]
[EventCountry "GGB"]
[SourceTitle "BritBase"]
[Source "www.saund.co.uk"]
[SourceDate "2018.02.10"]
[SourceVersion "1"]
[SourceVersionDate "2018.02.10"]
[SourceQuality "1"]

1. d4 Nf6 2. Nf3 g6 3. g3 Bg7 4. Bg2 O-O 5. O-O d6 6. a4 Nc6 7. a5 a6 8. d5 Ne5
9. Nxe5 dxe5 10. c4 e6 11. e4 exd5 12. exd5 Nd7 13. Nc3 f5 14. f3 h5 15. Be3
Qe7 16. Qb3 Rf7 17. Rad1 Bf8 18. Na2 g5 19. f4 gxf4 20. gxf4 e4 21. Nc1 Qb4 22.
Qxb4 Bxb4 23. Nb3 Nf6 24. Bc5 Bxc5+ 25. Nxc5 b6 26. axb6 cxb6 27. Na4 Rb8 28.
Rf2 b5 29. cxb5 Rxb5 30. Rc2 Rb8 31. Bf1 Rg7+ 32. Rg2 Rxg2+ 33. Bxg2 Rb4 34.
Nc5 Rxb2 35. d6 e3 36. Rc1 Kf7 37. Nd3 Rd2 38. Ne5+ Ke6 39. Nc4 Rd4 40. Nxe3
Bd7 41. Nc4 Rxf4 42. Re1+ Ne4 43. Nb2 Rg4 44. Nd3 Kxd6 45. h3 Rg8 46. Kh2 Bc6
47. Rh1 a5 48. Nb2 a4 49. Rd1+ Kc5 50. Rc1+ Kb5 51. Nxa4 Rg6 52. Nb2 Rd6 53.
Rd1 Rxd1 1/2-1/2

[Event "Gibtelecom Masters 1st"]
[Site "Gibraltar"]
[Date "2003.02.05"]
[Round "9"]
[White "Giddins, Stephen"]
[Black "Bellon Lopez, Juan Manuel"]
[Result "0-1"]
[WhiteElo "2242"]
[BlackElo "2428"]
[PlyCount "50"]
[EventDate "2003.01.28"]
[EventType "swiss"]
[EventRounds "10"]
[EventCountry "GGB"]
[SourceTitle "BritBase"]
[Source "www.saund.co.uk"]
[SourceDate "2018.02.10"]
[SourceVersion "1"]
[SourceVersionDate "2018.02.10"]
[SourceQuality "1"]

1. c4 g6 2. g3 Bg7 3. Bg2 c5 4. e3 e6 5. Nc3 Ne7 6. Nge2 a6 7. O-O Qc7 8. b3
O-O 9. Bb2 d6 10. d4 Nbc6 11. Qd2 cxd4 12. Nxd4 Nxd4 13. exd4 Nf5 14. Ne4 Bd7
15. d5 e5 16. Ba3 h5 17. c5 dxc5 18. Bxc5 Rfc8 19. Rac1 Qd8 20. Qb2 b6 21. Bb4
Bb5 22. Rxc8 Rxc8 23. Rd1 Nd4 24. a4 Rc2 25. Qb1 Bd3 0-1

[Event "Gibtelecom Masters 1st"]
[Site "Gibraltar"]
[Date "2003.02.05"]
[Round "9"]
[White "Jonkman, Harmen"]
[Black "Wohl, Aleksandar H"]
[Result "1-0"]
[WhiteElo "2436"]
[BlackElo "2415"]
[PlyCount "67"]
[EventDate "2003.01.28"]
[EventType "swiss"]
[EventRounds "10"]
[EventCountry "GGB"]
[SourceTitle "BritBase"]
[Source "www.saund.co.uk"]
[SourceDate "2018.02.10"]
[SourceVersion "1"]
[SourceVersionDate "2018.02.10"]
[SourceQuality "1"]

1. e4 e6 2. d4 d5 3. e5 c5 4. c3 Nc6 5. Nf3 Nge7 6. Na3 cxd4 7. cxd4 Nf5 8. Nc2
Bd7 9. Be2 Be7 10. O-O h5 11. Ne3 Nh6 12. Ne1 Qb6 13. N1c2 h4 14. b4 f5 15. f4
Nf7 16. b5 Na5 17. Ba3 Bxa3 18. Nxa3 O-O-O 19. Bh5 Be8 20. Rc1+ Kb8 21. Rc5 Nd6
22. exd6 Bxh5 23. Qd2 Rxd6 24. Rfc1 Rdd8 25. Nec2 h3 26. Nb4 hxg2 27. Nc6+ bxc6
28. bxc6 Ka8 29. Rxa5 Bf3 30. Nb5 Rxh2 31. Kxh2 Rh8+ 32. Kg3 Qxc6 33. Rxa7+ Kb8
34. Qa5 1-0